| 000 | 01578nam0a2200361 4500 | ||
|---|---|---|---|
| 001 | RU\NLR\bibl\1398185 | ||
| 005 | 20250615203124.0 | ||
| 010 | _a978-5-94428-065-7 | ||
| 021 |
_aRU _b2009-43251 _92629 |
||
| 035 | _a(nilc)RSL-KNO-004334779 | ||
| 035 | _a(NLR Aleph) 001390201 | ||
| 090 |
_a1157235 _c1157235 |
||
| 100 | _a20090529d2009 |||y0rusy50 ca | ||
| 101 | 0 | _arus | |
| 102 | _aRU | ||
| 105 | _aa ||||||||| | ||
| 200 | 1 |
_aИсторические подвиги русского спецназа _eс древнейших времен до наших дней _eизбранное из летописей, мемуаров. архивных документов и авторских рассказов _fНиколай Васильевич Тепцов |
|
| 210 |
_aМосква _cВымпел _d2009 |
||
| 215 |
_a310, [2] с. _cил., цв. ил., портр. _d31 |
||
| 225 | 1 | _aДля детей и юношества - будущих защитников России | |
| 320 | _aДр. работы авт. на 4-й с. обл. | ||
| 606 | 1 |
_aВойска специального назначения _xИстория _yРоссия _92487954 _3RU\NLR\auth\661476448 |
|
| 686 | _aЦ68,8(2)2-1 | ||
| 686 | _aЦ68,6(2)2-1 | ||
| 700 | 1 |
_aТепцов _bН. В. _gНиколай Васильевич _4070 |
|
| 801 | 0 |
_aRU _bРГБ _c20090529 _grcr |
|
| 801 | 1 |
_aRU _bРГБ _c20090529 |
|
| 801 | 2 |
_aRU _bNLR _c20090805 _grcr |
|
| 830 | _aавт. по кн. | ||
| 942 | _cBOOK | ||
| 980 | _aNB | ||